000 00846nam a2200193 a 4500
005 20140310183355.0
008 121126s19uu xx 00 eng d
020 _a9780230252080
050 _aQC 23
_b.B828 2011
100 _aBreach, Mark
245 _aFundamental maths /
_cMark Breach.
260 _aBasingstoke ; New York :
_bPalgrave Macmillan,
_c2011.
300 _axi, 380 p.
_c25 cm.
500 _aIncludes index
520 _aA short, accessible textbook for students who are entering HE or FE courses and need to re-visit and develop school maths and gain confidence in it. The author explains the maths clearly through words and examples, not just pages of sums, and makes sure students put past anxieties about maths or gaps in their knowledge behind them
650 _aMathematics
942 _cBK
_2lcc
_kFOR
999 _c22212
_d22212